| 000 | 00459nam a2200193Ia 4500 | ||
|---|---|---|---|
| 008 | 180207s9999 xx 000 0 und d | ||
| 020 | _a9780545566513 | ||
| 050 | _bL299 2013 | ||
| 100 | _aLa Padula, Tom | ||
| 245 | _aTonka : | ||
| 245 | _btough trucks / | ||
| 245 | _cillustrated by Tom La Padula. | ||
| 260 | _aNew York : | ||
| 260 | _bScholastic, | ||
| 260 | _c2013 | ||
| 300 | _aunpaged : | ||
| 300 | _bcolor illustration ; | ||
| 300 | _c17cm. | ||
| 999 |
_c355520 _d355520 |
||